| 000 | 01365nam0a22002771 4500 | ||
|---|---|---|---|
| 001 | rc\3963286 | ||
| 005 | 20260407131043.0 | ||
| 021 |
_aRU _b[56-25323] |
||
| 035 | _a(NLR Aleph) 008051417 | ||
| 090 |
_a8944084 _c8944084 |
||
| 100 | _a20130415d1956 |||y0rusy50 ca | ||
| 101 | 0 | _arus | |
| 102 | _aRU | ||
| 105 | _aa z ||||| | ||
| 200 | 1 |
_aИзолирующий респиратор РКК-2 четырехчасового действия _fМ-во угольной пром-сти СССР. Центр. упр. военизир. горноспасательных частей |
|
| 205 | _a4-е изд., перераб. и доп. | ||
| 210 |
_aМосква _cУглетехиздат _d1956 |
||
| 215 |
_a76 с. _cчерт. _d22 |
||
| 300 | _a3-е изд. вышло под загл.: Регенеративный кислородный респиратор РКК-2 четырехчасового действия | ||
| 606 |
_aРеспираторы кислородные _2psbo |
||
| 712 | 0 | 1 |
_aСССР _bМинистерство угольной промышленности _bЦентральное управление военизированных горноспасательных частей _3RU\NLR\AUTH\8810077056 _9656299 |
| 801 | 0 |
_aRU _bNLR _gpsbo |
|
| 801 | 1 |
_aRU _bELAR _2rusmarc |
|
| 852 |
_aNLR _jТ26 Г-6/2026 |
||
| 942 | _cBOOK | ||
| 980 | _aNB | ||